Bibliografía guatemalteca y catálogo general de libros, folletos, periódicos, revistas, etc. : (Record no. 102003)

MARC details
000 -CABECERA
campo de control de longitud fija 00714nam a2200193 a 4500
005 - FECHA Y HORA DE LA ÚLTIMA TRANSACCIÓN
campo de control 20210219154650.0
008 - ELEMENTOS DE LONGITUD FIJA--INFORMACIÓN GENERAL
campo de control de longitud fija 031009s1961 mx r 000 0 spa d
035 ## - NÚMERO DE CONTROL DEL SISTEMA
Número de control de sistema UPN01000129846
049 ## - COLECCIÓN
Colección CG
050 #4 - SIGNATURA TOPOGRÁFICA DE LA BIBLIOTECA DEL CONGRESO
Número de clasificación Z1467 H5
Número de documento/Ítem V3.2
100 1# - ASIENTO PRINCIPAL--NOMBRE PERSONAL
Nombre de persona Valenzuela, Gilberto
245 10 - MENCIÓN DE TÍTULO
Título Bibliografía guatemalteca y catálogo general de libros, folletos, periódicos, revistas, etc. :
Resto del título 1821-1830 : tomo III /
Mención de responsabilidad, etc. recopilado por Gilberto Valenzuela.
260 ## - PUBLICACIÓN, DISTRIBUCIÓN, ETC.
Lugar de publicación, distribución, etc. Guatemala :
Nombre del editor, distribuidor, etc. [s.n.],
Fecha de publicación, distribución, etc. 1961.
300 ## - DESCRIPCIÓN FÍSICA
Extensión 319 p.
440 #0 - MENCIÓN DE SERIE/ASIENTO SECUNDARIO--TÍTULO
Título Talleres de la Tipografía Nacional
500 ## - NOTA GENERAL
Nota general "III Centenario de la introducción de la imprenta en Centro América"
651 #4 - ASIENTO SECUNDARIO DE MATERIA - NOMBRE GEOGRAFICO
Nombre geográfico GUATEMALA -
Subdivisión general HISTORIA -
Subdivisión de forma BIBLIOGRAFIA
905 ## - TIPO DE MATERIAL
Tipo de material Libro
Holdings
Estado de retiro Estado de pérdida Fuente del sistema de clasificación o colocación Estado dañado No para préstamo Código de colección Localización permanente Ubicación/localización actual Ubicación en estantería Total de préstamos Clasificación Código de barras Fecha visto por última vez Número de copia Tipo de ítem Koha
    Library of Congress Classification     Colección General Bib. Gregorio Torres Quintero Bib. Gregorio Torres Quintero Planta baja   Z1467 H5 V3.2 42615 31/12/2020 1 Libro